00441nam a22001457a 4500020001900000040000900019082001300028100002600041245002000067260004800087650002700135942001200162999001900174952010200193 a97881731944436 cNust a514bPAL aN. Planiappan9124914 aFuzzy Topology  aNew Delhi:bNarosa Publishing House,c2002. aFuzzy Topology 967224 2ddccBK c610682d610682 00102ddc4070aCEMEbCEMEcGENd2024-07-31l0o514 PALpCEME- 39120r2024-07-31w2024-07-31yBK